000 01074nam a22002777a 4500
005 20240530110514.0
008 160103s2013 ua a g b 000 0 ara d
017 _a2012/15660
_bمصر . دار الكتب المصرية
020 _a9789776413061
040 _aEG-CaGPL
082 0 4 _221
_a530.11\
_bأ م
100 0 _aاحمد امين السيد .
245 1 0 _aمن النظرية النسبية الى القنبلة الذرية /
_cتاليف احمد امين السيد ؛ مراجعة علياء بدوى .
250 _aط1.
260 _aالاسكندرية :
_bدار الوفاء لدنيا الطباعة و النشر ،
_c2013 .
300 _a171 ص ؛
_c24 سم .
504 _aيشتمل على ارجاعات ببليوجرافية
650 0 4 _aالنسبية .
650 0 4 _aالقنبلة الذرية .
650 0 4 _aالضوء .
650 0 4 _aتجربة فيزو .
650 0 4 _aتحويلات لورنتز .
700 0 _aعلياء بدوى
_eمراجع .
942 _2ddc
_cBK
999 _c61747
_d61747